000 00413nam a22001697a 4500
005 20180327112500.0
008 160503b xxu||||| |||| 00| 0 eng d
020 _a81-203-2426-9
041 _aeng
082 _b1130
_a338.88
100 _aPaul Justin
_9371
245 _aInternational Business
260 _aNew Delhi
_bPrentice hall of India,
_c2004
300 _a319
650 _aManagement
_9241
942 _cBK
999 _c438
_d438